Action plan for african primate conservation : (Registro nro. 2120)
[ vista simple ]
| 000 -CABECERA | |
|---|---|
| Campo de control | 00610nam a2200193 i 4500 |
| 005 - FECHA Y HORA DE LA ULTIMA TRANSACCION | |
| Campo de control | 20160108102542.0 |
| 008 - ELEMENTOS DE LONGITUD FIJA—INFORMACION GENERAL | |
| Campo de control | 140304s1986 nyu||||| |||| 00| 0 eng d |
| 040 ## - FUENTE DE CATALOGACIÓN | |
| Agencia catalogadora original | CO-BoIAVH |
| Agencia transcriptora | CO-BoIAVH |
| 041 0# - IDIOMA | |
| Código de idioma para texto/pista de sonido o título separado | Inglés |
| 044 ## - PAÍS DE PUBLICACIÓN | |
| País de publicación | Estados Unidos |
| 082 04 - NUMERO DE CLASIFICACION DECIMAL DEWEY | |
| Número de clasificación | 599.8096 |
| Número del ítem | A18a |
| 245 00 - MENCION DE TITULO | |
| Título | Action plan for african primate conservation : |
| Parte restante del título | 1986-90 / |
| Mención de responsabilidad | compiled by J. F. Oates. |
| 260 ## - PUBLICACION, DISTRIBUCION, ETC. (PIE DE IMPRENTA) | |
| Lugar de publicación, distribución, etc. | Nueva York : |
| Nombre del editor, distribuidor, etc. | UNEP, |
| Fecha de publicación, distribución, etc. | 1986 |
| 300 ## - DESCRIPCION FISICA | |
| Extensión | 41 páginas ; |
| Dimensiones | 28 cm. |
| 650 14 - ASIENTO SECUNDARIO DE MATERIA - TERMINO TEMATICO | |
| Término temático o nombre geográfico como elemento de entrada | Primates |
| Subdivisión geográfica | Africa |
| 9 (RLIN) | 48696 |
| 650 24 - ASIENTO SECUNDARIO DE MATERIA - TERMINO TEMATICO | |
| Término temático o nombre geográfico como elemento de entrada | Primates |
| Subdivisión general | Conservación de especies |
| Subdivisión geográfica | Africa |
| 9 (RLIN) | 48697 |
| 700 1# - ASIENTO SECUNDARIO - NOMBRE PERSONAL | |
| Nombre personal | Oates, J. F., |
| Término de relación | compilador |
| 9 (RLIN) | 14676 |
| 942 ## - ELEMENTOS ADICIONALES (KOHA) | |
| Tipo de ítem | Impreso |
| Sistema de clasificación | Local |
| Withdrawn status | Lost status | Sistema de Clasificación | Damaged status | No para préstamo | Colección | Inventariado | Ubicación Permanente | Ubicación actual | Fecha de adquisición | Fuente de Valor | Total Checkouts | Número topográfico | Inventario / Código de Barras | Date last seen | Ejemplar | Price effective from | Forma de adquisición | Tipo de material |
|---|---|---|---|---|---|---|---|---|---|---|---|---|---|---|---|---|---|---|
| Dewey Decimal Classification | General | Inventariado 2017 | Bogotá | Bogotá | 12/02/2001 | Instituto | LB-599.8096 A18a | 002626 | 04/12/2012 | Ej. 1 | 04/12/2012 | Libro |